my singing monsters 3 elements - Statistics

General Stats
  • This quiz has been taken 13 times
  • The average score is 24 of 36
Answer Stats
Answer % Correct
Clamble
100%
T-rox
100%
Bowgart
88%
Pompom
88%
Pummel
88%
Reedling
88%
Sooza
88%
Spunge
88%
Wynq
88%
Congle
75%
Rootitoot
75%
Thrumble
75%
Thumpies
75%
Woolabee
75%
Ziggurab
75%
Bridg-it
63%
Cantorell
63%
Clavi gnat
63%
Fiddlement
63%
Floogull
63%
Periscorp
63%
Repatillo
63%
Rooba
63%
Scups
63%
Spytrap
63%
Tapricorn
63%
Tootoo
63%
Whaddle
63%
Withur
63%
Banjaw
50%
Barrb
50%
Uuduk
50%
G'day
38%
Frondley
25%
Larvaluss
25%
Mushaboom
25%
No matching quizzes found
Score Distribution
Percent of People with Each Score
Percentile by Number Answered
Your Score History
You have not taken this quiz